The interaction between prefix and root : the case of Maha- in Malagasy

Bibliographic Details
Published in:Formal issues in Austronesian linguistics, ed. by Ileana Paul, Vivianne Phillips and Lisa Travis, Dordrecht [etc.], 2000, p. 85-104 (Studies in natural language and linguistic theory)
Main Author: Phillips, Vivianne
Content type: Article
Published: 2000
Source:MPIPL_cat

MARC

LEADER 00000naa a2200000 u 4500
001 PL0092932
003 PLI01000000000000000090556
005 00000000000000.0
008 ||| u
100 1 |a Phillips, Vivianne 
245 0 4 |a The interaction between prefix and root  |b the case of Maha- in Malagasy  |c Vivianne Phillips 
260 |c 2000 
773 0 8 |t Formal issues in Austronesian linguistics  |a ed. by Ileana Paul, Vivianne Phillips and Lisa Travis  |d Dordrecht [etc.], 2000  |g p. 85-104  |k Studies in natural language and linguistic theory  |w MPIPL_cat.PL0092230  |z 0-7923-6068-0  |i In: 
952 |j 2000  |h p. 85-104 
996 |a Aufsatz 
997 |a book chapter